书目信息 |
| 题名: |
中唐文人之文艺及其世界
|
|
| 作者: | 赤井益久 著 ;范建明 译 | |
| 分册: | ||
| 出版信息: | 北京 中华书局 2014 |
|
| 页数: | 267页 | |
| 开本: | 21cm | |
| 丛书名: | 日本唐代文学研究十家 | |
| 单 册: | ||
| 中图分类: | K825.6=42 | |
| 科图分类: | ||
| 主题词: | 诗人--人物评论--中国--唐代 | |
| 电子资源: | ||
| ISBN: | 978-7-101-09633-0 | |
| 000 | 00928nam0 2200265 450 | |
| 001 | 340042 | |
| 005 | 20150604164332.28 | |
| 010 | @a978-7-101-09633-0@dCNY35.00 | |
| 100 | @a20140214d2014 em y0chiy50 ea | |
| 101 | 1 | @achi@cjpn |
| 102 | @aCN@b110000 | |
| 105 | @ay z 000yy | |
| 106 | @ar | |
| 200 | 1 | @a中唐文人之文艺及其世界@Azhong tang wen ren zhi wen yi ji qi shi jie@f(日) 赤井益久著@g范建明译 |
| 210 | @a北京@c中华书局@d2014 | |
| 215 | @a267页@d21cm | |
| 225 | 1 | @a日本唐代文学研究十家@f蒋寅主编 |
| 330 | @a本书主题集中于唐诗人在文学史上地位的评价, 所涉及的诗人主要有刘长卿、韦应物、白居易、元稹、张籍、王建、刘禹锡、孟郊、皎然等。 | |
| 410 | 0 | @12001 @a日本唐代文学研究十家 |
| 606 | 0 | @a诗人@x人物评论@y中国@z唐代 |
| 690 | @aK825.6=42@v5 | |
| 701 | 0 | @c(日)@a赤井益久@Achi jing yi jiu@4著 |
| 702 | 0 | @a范建明@Afan jian ming@f(1956)@4译 |
| 801 | 0 | @aCN@b卓展宏图@c20150525 |
| 905 | @dK825.6=42@e782@f5 | |
| 中唐文人之文艺及其世界/(日) 赤井益久著/范建明译.-北京:中华书局,2014 |
| 267页;21cm.-(日本唐代文学研究十家/蒋寅主编) |
| ISBN 978-7-101-09633-0:CNY35.00 |
| 本书主题集中于唐诗人在文学史上地位的评价, 所涉及的诗人主要有刘长卿、韦应物、白居易、元稹、张籍、王建、刘禹锡、孟郊、皎然等。 |
| ● |
| 相关链接 |
|
|
|
|
正题名:中唐文人之文艺及其世界
索取号:K825.6=42/782
 
预约/预借
| 序号 | 登录号 | 条形码 | 馆藏地/架位号 | 状态 | 备注 |
| 1 | 855516 | 208555160 | 第二样本阅览室/ [索取号:K825.6=42/782] | 在馆 | |
| 2 | 855517 | 208555179 | 第二借阅区/ [索取号:K825.6=42/782] | 在馆 | |
| 3 | 855518 | 208555188 | 第二借阅区/ [索取号:K825.6=42/782] | 在馆 | |
| 4 | 855519 | 208555197 | 第二借阅区/ [索取号:K825.6=42/782] | 在馆 | |
| 5 | 855520 | 208555204 | 第二借阅区/ [索取号:K825.6=42/782] | 在馆 |